[Event "Pontevedra op-B 10th"]
[Site "Pontevedra"]
[Date "2022.07.30"]
[Round "9.5"]
[White "Reza Salgado, Miguel"]
[Black "Pousada Garcia, Daniel"]
[Result "1/2-1/2"]
[WhiteElo "1825"]
[BlackElo "1932"]
[PlyCount "163"]
[EventDate "2022.07.24"]
[EventType "swiss"]
[EventRounds "9"]
[EventCountry "ESP"]
[SourceTitle "EXT 2023"]
[Source "ChessBase"]
[SourceDate "2022.10.05"]
[SourceVersion "1"]
[SourceVersionDate "2022.10.05"]
[SourceQuality "1"]

1. d4 Nf6 2. Nc3 d6 3. e4 e5 4. Nf3 Nbd7 5. Bc4 Be7 6. 0-0 c6 7. a4 0-0 8. Re1 Nxe4 9. Nxe4 d5 10. dxe5 dxe4 11. Rxe4 Nxe5 12. Qxd8 Nxf3+ 13. gxf3 Bxd8 14. Bf4 Bf5 15. Re2 Bf6 16. c3 Rad8 17. Be5 Bg5 18. Bd4 Bf4 19. Bxa7 Rd6 20. Be3 Rg6+ 21. Kh1 Bb8 22. Rg1 Rxg1+ 23. Kxg1 Bh3 24. Rd2 Re8 25. Bf1 Bf5 26. Kg2 h5 27. Bd3 Be6 28. f4 Bd5+ 29. Kh3 Bf3 30. Be2 Bxe2 31. Rxe2 Bxf4 32. Kg2 g5 33. Kf3 Bxh2 34. Bxg5 Rxe2 35. Kxe2 Kg7 36. Kf3 Kg6 37. Bf4 Bxf4 38. Kxf4 Kf6 39. b3 Kg6 40. b4 Kf6 41. c4 h4 42. Kg4 Ke5 43. b5 h3 44. bxc6 b6 45. c7 h2 46. c8Q h1Q 47. Qc7+ Kf6 48. Qxb6+ Kg7 49. Qd4+ Kg6 50. Qd3+ Kg7 51. f3 Qg1+ 52. Kf4 Qc1+ 53. Kf5 Qa1 54. c5 Qxa4 55. Qc3+ Kh7 56. c6 Qb5+ 57. Kf6 Qh5 58. Qc2+ Kh8 59. Qe4 Qh6+ 60. Kxf7 Qf8+ 61. Ke6 Qf7+ 62. Kd6 Qf6+ 63. Kd5 Qf7+ 64. Kc5 Qf8+ 65. Kc4 Qg8+ 66. Qd5 Qa8 67. Qe5+ Kg8 68. Kb5 Qa3 69. Qg5+ Kh7 70. Qh4+ Kg8 71. Qg4+ Kh7 72. Qe4+ Kg8 73. Qd5+ Kh7 74. Kb6 Qb4+ 75. Kc7 Qf4+ 76. Kb7 Qb4+ 77. Kc8 Qf8+ 78. Kd7 Qg7+ 79. Ke8 Qg6+ 80. Qf7+ Kh8 81. Ke7 Qd6+ 82. Ke8 1/2-1/2

[Event "Pontevedra op-B 10th"]
[Site "Pontevedra"]
[Date "2022.07.25"]
[Round "3.8"]
[White "Regillaga Otano, Jon"]
[Black "Reza Salgado, Miguel"]
[Result "0-1"]
[WhiteElo "1622"]
[BlackElo "1825"]
[PlyCount "78"]
[EventDate "2022.07.24"]
[EventType "swiss"]
[EventRounds "9"]
[EventCountry "ESP"]
[SourceTitle "EXT 2023"]
[Source "ChessBase"]
[SourceDate "2022.10.05"]
[SourceVersion "1"]
[SourceVersionDate "2022.10.05"]
[SourceQuality "1"]

1. d4 Nf6 2. c4 e6 3. Nc3 d5 4. Bg5 Nbd7 5. cxd5 exd5 6. e3 c6 7. Bd3 Be7 8. Nf3 0-0 9. 0-0 h6 10. Bh4 Ne4 11. Bxe7 Qxe7 12. Qc2 f5 13. Rab1 b6 14. b4 Bb7 15. b5 c5 16. dxc5 bxc5 17. Bxe4 dxe4 18. Nd2 Ne5 19. Na4 Nd3 20. Nb2 Rfd8 21. Nxd3 exd3 22. Qc3 Rac8 23. a4 Rd6 24. Rfd1 c4 25. Rb4 Qg5 26. g3 Qh5 27. Re1 Bd5 28. a5 Re6 29. Rbb1 Qh3 30. f3 Rce8 31. Nxc4 Bxf3 32. Qd2 f4 33. Qf2 Bd5 34. Rbc1 Bxc4 35. Rxc4 fxe3 36. Qf3 d2 37. Qe2 dxe1Q+ 38. Qxe1 e2 39. Rc7 Rf8 0-1

[Event "Galicia-ch U18"]
[Site "Padron"]
[Date "2022.03.01"]
[Round "7"]
[White "Fernandez Lopez, Ruben"]
[Black "Reza Salgado, Miguel"]
[Result "1-0"]
[WhiteElo "2235"]
[BlackElo "1662"]
[PlyCount "117"]
[EventDate "2022.02.26"]
[EventType "swiss"]
[EventRounds "8"]
[EventCountry "ESP"]
[SourceTitle "EXT 2023"]
[Source "ChessBase"]
[SourceDate "2022.10.05"]
[SourceVersion "1"]
[SourceVersionDate "2022.10.05"]
[SourceQuality "1"]

1. e4 d6 2. d4 Nf6 3. Nc3 e5 4. Nf3 Nbd7 5. Bc4 Be7 6. a4 0-0 7. 0-0 c6 8. Re1 Qc7 9. h3 h6 10. Ba2 b6 11. d5 c5 12. Bc4 a6 13. Qd3 Re8 14. Nh4 Nf8 15. Nf5 Ng6 16. g3 Bf8 17. Qf3 Qd8 18. Kg2 Bd7 19. Ra3 Ra7 20. Qd3 Qa8 21. Rb3 Rb8 22. Qf3 Ne8 23. h4 Rab7 24. Qe2 Nc7 25. h5 Nh8 26. Ra3 Ra7 27. Rb3 Rab7 28. Bd3 b5 29. axb5 axb5 30. Ra3 Ra7 31. Rxa7 Qxa7 32. b3 b4 33. Nd1 Bxf5 34. exf5 Nxd5 35. Qf3 Nf6 36. Ne3 Qb7 37. Qxb7 Rxb7 38. Bc4 Nxh5 39. Nd5 Nf6 40. Nxf6+ gxf6 41. Kf3 Kh7 42. Bb2 Ra7 43. Ra1 Rxa1 44. Bxa1 h5 45. Ke4 Kh6 46. Bb2 h4 47. Bc1+ Kh7 48. gxh4 Kg7 49. Kd5 Kh7 50. Kc6 Kg7 51. Bd5 Ng6 52. fxg6 Kxg6 53. Kd7 f5 54. Ke8 Bh6 55. Bxf7+ Kg7 56. Bxh6+ Kxh6 57. Ke7 d5 58. Bxd5 Kh5 59. Kf6 1-0

[Event "Galicia-ch U18"]
[Site "Padron"]
[Date "2022.02.28"]
[Round "5"]
[White "Reza Salgado, Miguel"]
[Black "Rodriguez Ferreiros, Andres"]
[Result "1-0"]
[WhiteElo "1662"]
[BlackElo "2210"]
[PlyCount "91"]
[EventDate "2022.02.26"]
[EventType "swiss"]
[EventRounds "8"]
[EventCountry "ESP"]
[SourceTitle "EXT 2023"]
[Source "ChessBase"]
[SourceDate "2022.10.05"]
[SourceVersion "1"]
[SourceVersionDate "2022.10.05"]
[SourceQuality "1"]

1. d4 d5 2. Nf3 e6 3. e3 Bd6 4. Bd3 f5 5. 0-0 Nf6 6. c4 b6 7. b3 Qe7 8. Bb2 Nbd7 9. Nc3 dxc4 10. bxc4 c5 11. Nb5 Bb8 12. a4 Bb7 13. Qc2 0-0 14. Rfe1 Ne4 15. Ne5 a6 16. Na3 cxd4 17. exd4 Nxe5 18. dxe5 Nc5 19. a5 Qg5 20. Bf1 f4 21. Kh1 bxa5 22. Bd4 Nd7 23. Qc3 Rf5 24. c5 Bc6 25. Nc4 Qh6 26. f3 Rh5 27. h3 Nf8 28. Nxa5 Bd5 29. Nc4 Ra7 30. Nd2 Ng6 31. Rab1 Bc7 32. c6 Ra8 33. Rb7 Rc8 34. Ra7 Nh4 35. Re2 Nf5 36. Bf2 g5 37. Ne4 Bd8 38. c7 Be7 39. Rb2 Qf8 40. Bxa6 Qh6 41. Bf1 Qf8 42. Nf6+ Bxf6 43. exf6 Qd6 44. Rb8 Qf8 45. Rxc8 Qxc8 46. Ba6 1-0

[Event "Gallego-ch U14"]
[Site "Viveiro"]
[Date "2017.02.25"]
[Round "2"]
[White "Bringas Gomez, Artai"]
[Black "Reza Salgado, Miguel"]
[Result "1-0"]
[WhiteElo "1668"]
[BlackElo "1349"]
[PlyCount "115"]
[EventDate "2017.02.25"]
[EventType "swiss"]
[EventRounds "8"]
[EventCountry "ESP"]
[SourceTitle "EXT 2024"]
[Source "ChessBase"]
[SourceDate "2023.10.10"]
[SourceVersion "1"]
[SourceVersionDate "2023.10.10"]
[SourceQuality "1"]

1. e4 c5 2. Nc3 d6 3. Nge2 Nf6 4. d4 cxd4 5. Nxd4 g6 6. g3 Bg7 7. Bg2 0-0 8. h3 h5 9. Bg5 Qb6 10. Nb3 Be6 11. 0-0 Nbd7 12. Re1 Ne5 13. Nd5 Bxd5 14. exd5 Rfe8 15. c3 Rac8 16. Qd4 Qxd4 17. Nxd4 Nc4 18. Re2 Nb6 19. Rae1 Kf8 20. Bxf6 Bxf6 21. Nb3 Nc4 22. Rd1 a5 23. Nd4 Bxd4 24. Rxd4 b5 25. Rc2 Nb6 26. Rcd2 Rc4 27. Bf1 Rxd4 28. Rxd4 b4 29. cxb4 axb4 30. Bb5 Rb8 31. Bc6 Nc8 32. Kf1 Kg7 33. Ke2 Na7 34. Ba4 Kf6 35. Rf4+ Kg7 36. Kd3 f5 37. h4 Kf6 38. Rd4 Ke5 39. f4+ Kf6 40. Kc2 Rc8+ 41. Kb3 Rc1 42. Kxb4 Rg1 43. Rd3 Rg2 44. Rb3 Nc8 45. Bd7 Nb6 46. Be6 Na8 47. Ka3 Nc7 48. Re3 Rd2 49. b4 Nxd5 50. Bxd5 Rxd5 51. Kb3 e5 52. a4 e4 53. a5 Rd1 54. a6 Ke6 55. Kb2 Rd2+ 56. Kb3 Rd1 57. Ka4 Kd7 58. a7 1-0